عرض عادي
عرض مارك
- الجاحظ، أبو عثمان عمرو بن بحر بن محبوب البصري
دخول Personal Name
001 - CONTROL NUMBER
- control field: 30629
003 - CONTROL NUMBER IDENTIFIER
- control field: AE-AdECS
005 - DATE AND TIME OF LATEST TRANSACTION
- control field: 20260616084801.0
008 - FIXED-LENGTH DATA ELEMENTS
- fixed length control field: 260616|| aca||aabn | a|a d
040 ## - CATALOGING SOURCE
- Original cataloging agency: AE-AdECS
- Transcribing agency: AE-AdECS
100 ## - HEADING--PERSONAL NAME
- Personal name: الجاحظ، أبو عثمان عمرو بن بحر بن محبوب البصري
670 ## - SOURCE DATA FOUND
- Source citation: Work cat.: (AE-AdECS)295424: الجاحظ، أبو عثمان عمرو بن بحر بن محبوب البصري مؤلف, البخلاء /
